LEADER 03563nam 2200661Ia 450 001 9910459737503321 005 20200520144314.0 010 $a1-282-82064-8 010 $a9786612820649 010 $a1-4422-0752-3 035 $a(CKB)2670000000066371 035 $a(EBL)634198 035 $a(OCoLC)696243055 035 $a(SSID)ssj0000419521 035 $a(PQKBManifestationID)12142055 035 $a(PQKBTitleCode)TC0000419521 035 $a(PQKBWorkID)10382166 035 $a(PQKB)10469051 035 $a(MiAaPQ)EBC634198 035 $a(Au-PeEL)EBL634198 035 $a(CaPaEBR)ebr10421459 035 $a(CaONFJC)MIL282064 035 $a(EXLCZ)992670000000066371 100 $a20100723d2010 uy 0 101 0 $aeng 135 $aur|n|---||||| 181 $ctxt 182 $cc 183 $acr 200 10$aHerdsman to statesman$b[electronic resource] $ethe autobiography of Jamsrangiin Sambuu of Mongolia /$ftranslated by Mary Rossabi ; introduction by Morris Rossabi 210 $aLanham $cRowman & Littlefield Publishers$dc2010 215 $a1 online resource (258 p.) 300 $aDescription based upon print version of record. 311 $a1-4422-0750-7 320 $aIncludes bibliographical references and index. 327 $aPrefatory Note; Jamsrangiin Sambuu and His Autobiography: Paths of Life; Paths of Life; A Translation by Mary Rossabi; Preface; 1; My Ignorant Simple Childhood; 2; Becoming Acquainted with the Hardships of Life; 3; Loving Lessons from My Parents; 4; Living at the Official Ministry for Two Months; 5; Every Man Is Different; 6; The Strong One Is Always Right; 7; Time to Begin Lending a Hand with the Writing Work; 8; How I Became a Family Man; 9; Setting Out by Horseback Armed against the Occupier; 10; The Road to Educating the People through the Party; 11 327 $aCarrying Out the Responsibility of Trust12; Representing Our Government to Our Friendly Neighbor; 13; The Soviet Union Breaks Up an Attack; 14; Examining a Firm Friendship in the Heat of an Historic Struggle; 15; The End of the Harmful War and the Beginning of Peace Time; 16; An Honorable Task for the People and the Country; Selected Bibliography; About the Editor and Translator 330 $aThis compelling autobiography offers a panoramic view of the daily joys of a traditional Mongolian herding life as well as the hardships of oppressive foreign rule, abetted by avaricious local nobles and monks. Sambuu's story demonstrates the attraction of Communism for the poor and subjugated in an exploitative system. He himself flourished under Communism, becoming ambassador to the Soviet Union during the Stalin era and to North Korea during the Korean War and ultimately president of Mongolia. Enriched by a thoughtful introduction by leading scholar Morris Rossabi that sets the historical s 606 $aHerders$zMongolia$vBiography 606 $aPoliticians$zMongolia$vBiography 606 $aStatesmen$zMongolia$vBiography 607 $aMongolia$xHistory$yRevolution, 1921$vBiography 607 $aMongolia$xPolitics and government$y20th century 608 $aElectronic books. 615 0$aHerders 615 0$aPoliticians 615 0$aStatesmen 676 $a951.7/3 676 $aB 700 $aSambuu$b Zh$g(Zhamsrangii?n),$f1895-1972.$0939808 701 $aRossabi$b Mary$0939809 801 0$bMiAaPQ 801 1$bMiAaPQ 801 2$bMiAaPQ 906 $aBOOK 912 $a9910459737503321 996 $aHerdsman to statesman$92118863 997 $aUNINA LEADER 02724 am 2200613 n 450 001 9910350201103321 005 20190326 010 $a2-85892-540-2 024 7 $a10.4000/books.msha.7593 035 $a(CKB)3240000000129478 035 $z(PPN)241655587 035 $a(FrMaCLE)OB-msha-7593 035 $a(oapen)https://directory.doabooks.org/handle/20.500.12854/59618 035 $a(PPN)170230686 035 $a(EXLCZ)993240000000129478 100 $a20191114j|||||||| ||| 0 101 0 $afre 135 $auu||||||m|||| 181 $ctxt$2rdacontent 182 $cc$2rdamedia 183 $acr$2rdacarrier 200 10$aSociologie des jeux, des sports et de l?éducation physique $eL?apport des Classiques français (1890-1939) /$fJean-Paul Callède 210 $aPessac $cMaison des Sciences de l?Homme d?Aquitaine$d2019 215 $a1 online resource (400 p.) 311 $a2-85892-399-X 330 $aEn France, les débuts de la sociologie du sport sont associés habituellement aux années 1960 avec les noms de Joffre Dumazedier, Georges Magnane, Michel Bouet? Celui de Roger Caillois y tient également une place privilégiée, avec le livre Les jeux et les hommes (1958), pour qui s?intéresse aux types de jeux en relation avec telle ou telle civilisation. L?auteur se proposant, comme on le sait, d?élaborer « une sociologie à partir des jeux ». De fait, en prenant appui sur un recensement détaillé des formes de jeux auxquels s?adonnent les hommes, Roger Caillois formalise une théorie anthropologique de la civilisation qui lui permet d?interpréter les différentes cultures, des sociétés archaïques aux sociétés modernes. 517 $aSociologie des jeux, des sports et de l?éducation physique 517 $aSociologie des jeux, des sports et de l'éducation physique 517 $aSociologie des jeux, des sports et de l'éducation physique 606 $aSociology 606 $aHospitality Leisure Sport & Tourism 606 $asociologie 606 $apraxéologie 606 $asport 606 $aéducation physique 606 $aloisir 610 $aéducation physique 610 $apraxéologie 610 $asport 610 $asociologie 610 $aloisir 615 4$aSociology 615 4$aHospitality Leisure Sport & Tourism 615 4$asociologie 615 4$apraxéologie 615 4$asport 615 4$aéducation physique 615 4$aloisir 700 $aCallède$b Jean-Paul$0603856 801 0$bFR-FrMaCLE 906 $aBOOK 912 $a9910350201103321 996 $aSociologie des jeux, des sports et de l?éducation physique$93023388 997 $aUNINA